| 000 | 00879nam a2200181 a 4500 | ||
|---|---|---|---|
| 001 | 000044990 | ||
| 005 | 20201002045804.0 | ||
| 008 | 150128s1976 dr a 000 0 spa d | ||
| 040 |
_aDO-SdBNP _bspa _cBNPHU |
||
| 082 |
_axxxx _bxxxx |
||
| 110 | 1 |
_aRepublica Dominicana. _bSecretaría de Estado de Agricultura. Subsecretaría Técnica de Planificación. Sectorial Agropecuaria. _936238 |
|
| 245 | 1 | 0 |
_aDiagnóstico y estrategia del desarrollo agropecuario : _b1976-1986 / _cpresentación ; Manuel de Js. Viñas C. |
| 260 |
_aSanto Domingo : _b[SEA], _bEducativa Dominicana, _c1976. |
||
| 300 |
_a233 p. : _bil. ; _c21 cm. |
||
| 500 | _aIncluye referencias bibliográficas y notas al pie de las páginas. | ||
| 710 | 2 | 2 |
_aSecretaría de Estado de Agricultura. Subsecretaría Técnica de Planificación. Sectorial Agropecuaria. _972999 |
| 700 | 1 |
_aViñas C., Manuel de Js., _eprest. _973000 |
|
| 999 |
_c44479 _d44479 |
||